Central Library OPAC University of Rajshahi

সমাজ সংস্কার আন্দোলন ও বাংলা নাটক, ১৮৫৪-১৮৭৬ / (Record no. 49576)

MARC details
000 -LEADER
fixed length control field 00899nam a2200229 a 4500
001 - CONTROL NUMBER
control field 49576
003 - CONTROL NUMBER IDENTIFIER
rucl marc code BD-RjUL
005 - DATE AND TIME OF LATEST TRANSACTION
control field 20211209054709.0
008 - FIXED-LENGTH DATA ELEMENTS--GENERAL INFORMATION
fixed length control field 160821s1984 bg ||||| |||| 00| d ben d
020 ## - INTERNATIONAL STANDARD BOOK NUMBER
Terms of availability : Tk. 85.00
035 ## - SYSTEM CONTROL NUMBER
System control number (BD-RjUL) 49695
040 ## - CATALOGING SOURCE
Original cataloging agency BD-RjUL
Language of cataloging ben
Transcribing agency BD-RjUL
041 ## - LANGUAGE CODE
Language code of text/sound track or separate title ben
082 ## - DEWEY DECIMAL CLASSIFICATION NUMBER
Edition number 23
Classification number 891.44209
Author mark and year MUS 1984
100 1# - MAIN ENTRY--PERSONAL NAME
Personal name মুরশিদ, গোলাম
9 (RLIN) 148680
245 10 - TITLE STATEMENT
Title সমাজ সংস্কার আন্দোলন ও বাংলা নাটক, ১৮৫৪-১৮৭৬ /
Statement of responsibility, etc. গোলাম মুরশিদ
260 ## - PUBLICATION, DISTRIBUTION, ETC. (IMPRINT)
Place of publication, distribution, etc. ঢাকা :
Name of publisher, distributor, etc. বাংলা একাডেমী,
Date of publication, distribution, etc. ১৯৮৪
300 ## - PHYSICAL DESCRIPTION
Pagination ৫২৫ পৃ. ;
Size ২১ সেমি.
650 ## - SUBJECT ADDED ENTRY--TOPICAL TERM
Topical term or geographic name as entry element বাংলা নাটক
General subdivision ইতিহাস ও সমালোচনা
9 (RLIN) 123674
Topical term or geographic name as entry element Bengali Drama
General subdivision History and Criticism
9 (RLIN) 122764
942 ## - ADDED ENTRY ELEMENTS (KOHA)
Source of classification or shelving scheme Dewey Decimal Classification
Koha item type Books
Holdings
Lost status Source of classification or shelving scheme Damaged status Not for loan Collection code Permanent Location Current Location Shelving location Date acquired Source of acquisition Cost, normal purchase price Total Checkouts Full call number Date last seen Date checked out Copy number Koha item type
  Dewey Decimal Classification     Non-fiction Central Library, University of Rajshahi Central Library, University of Rajshahi   26/06/1990 Bangla Academy, Dhaka 85.00 1 B 891.44209 MUS 1984 02/03/2025 25/02/2025 C-2 Books
  Dewey Decimal Classification     Non-fiction Central Library, University of Rajshahi Central Library, University of Rajshahi   10/01/1985 Bangla Academy 85.00   B 891.44209 MUS 1984 02/10/2016   C-3 Books
  Dewey Decimal Classification     Non-fiction Central Library, University of Rajshahi Central Library, University of Rajshahi   30/09/1992 Bangla Academy, Dhaka   1 B 891.44209 MUS 1984 27/11/2019 04/11/2019 C-4 Books
  Dewey Decimal Classification   Not For Loan Non-fiction Central Library, University of Rajshahi Central Library, University of Rajshahi Reading Room 10/01/1985 Dhaka, Bangla Academy 85.00   B 891.44209 MUS 1984 10/04/2017   C-1 Books